1959 1385 1537 1490 1405 1986 1781 1142 1822 1130 1868 1840 1005 1147 1410 1232 1369 1332 1894 1396 1431 1696 1046 1617 1572 1592 1667 1923 1717 1216 1998 1497 1066 1272 1651 1258 1048 1294 1794 1964 1658 1806 1989 1997 1798 1833 1662 1161 1159 1688 1100 1893 1901 1244 1097 1059 1765 1080 1594 1458 1290 1187 1622 1681 1783 1591 1315 1032 1670 1911 1486 1523 1836 1002 1681 1822 1753 1924 1359 1155 1975 1025 1229 1506 1336 1668 1386 1071 1795 1651 1535 1446 1483 1662 1975 1984 1563 1238 1067 BCNSPRNW ULIB Ver.6.0+V

เปลี่ยนเป็นภาษาไทย

Change to English
 แสดงรายละเอียดบรรณานุกรม
  กลับหน้าหลัก

Brief Record : Get Marc (ISO 2709) : E-mail record : QR code < ปิดหน้าต่าง
LEADER : 00000nam 2200000uu 4500
001    13399113162
003     ULIB
008    110929s2548||||th 000 0 tha d
020    9789748283070
050  4 QA76.73^bน658ท 2548
100 0  นิรุธ อำนวยศิลป์
245 10 เทคนิค PHP เพื่อการต่อยอด 3 /^cนิรุธ อำนวยศิลป์
260    กรุงเทพฯ :^bThaidev,^c2548
300    168 หน้า :^bภาพประกอบ ;^c22 ซม.
650  7 php
650  7 เว็บไซต์^xการออกแบบ
710 1  Thaidev
945    ^p179^l0^i025143
995    ทศพร
999 ^a ทศพร
รายการนี้ยังไม่มีแท็ก
คุณยังไม่ได้ล็อกอิน คุณสามารถมีกิจกรรมร่วมกับเว็บไซต์ได้ แต่ต้องล็อกอินก่อน ::
  ล็อกอิน

รายการสื่อสารสนเทศ

ลำดับที่ ประเภท เลขเรียก/บาร์โค้ด สถานที่ สถานะ
- ไม่พบข้อมูล -

รายการใกล้เคียง
    ผู้แต่ง [นิรุธ อำนวยศิลป์]

    หัวเรื่อง [php]

BibComment


ยังไม่เคยถูกคอมเมนท์

คอมเมนท์ทรัพยากรรายการนี้
  คอมเมนท์: เทคนิค PHP เพื่อก..


 Copyright 2026. Bcnsprnw @Library